000
00314nam a22001217a 4500
008
160510b xxu||||| |||| 00| 0 eng d
020
_a
9780072302721
020
_a
0072302720
041
_a
eng
080
_a
611
245
_a
Lecture Outlines and study guide for human anatomy:
_c
Michael L.Foster;
942
_2
udc
_c
BK
999
_c
1963
_d
1963